Sobrevivir para contarlo (Record no. 589)

MARC details
000 -CABECERA
campo de control de longitud fija 01489nam a22002894c 4500
003 - IDENTIFICADOR DE NUMERO DE CONTROL
campo de control AR-BaSMT
008 - CAMPOS DE LONGITUD FIJA
campo de control de longitud fija 250828b2023 agabc|gr|||| 000 0aspa d
020 ## - ISBN: Indicadores indefinidos
Número ISBN 9786319000665
040 ## - FUENTE DE CATALOGACION
Agencia de catalogación original BSGB
Idioma de catalogación español
Agencia que realiza la transcripción BSGB
Convenciones de la descripción rda
041 1# - CODIGO DE IDIOMA
Código idioma eng
Idioma original inglés
080 ## - CDU
CDU completo 82-94
100 1# - PUNTO DE ACCESO PRINCIPAL
Nombre de persona Ilibagiza, Immaculée
Enlace autoridades 421
245 10 - MENCION DE TITULO
Título Sobrevivir para contarlo
Subtítulo : Cómo descubrí a Dios en medio del holocausto en Ruanda
250 ## - MENCION DE EDICION
Mención de edición Primera edición
264 ## - PRODUCCIÓN, PUBLICACIÓN, DISTRIBUCIÓN, ETC.
Lugar de publicación, etc. Rosario :
Nombre editor. Áncora ,
Fecha 2023
300 ## - DESCRIPCION FISICA
Extensión 400 páginas ;
Otros detalles físicos ilustraciones color
336 ## - TIPO DE CONTENIDO
rdacontent rdacontent
texto texto
txt txt
337 ## - TIPO DE MEDIO
rdamedia rdamedia
sin mediación sin mediación
n n
338 ## - TIPO DE SOPORTE
rdacarrier rdacarrier
volumen volumen
nc nc
490 ## - TÍTULO DE LA SERIE
Título de la serie Biografías :
520 ## - NOTA DE SUMARIO, RESUMEN, ETC.
Toda la nota El pequeño país de Ruanda, ubicado en África Central, es hoy mundialmente conocido por una sola razón: el terrible genocidio de 1994, que se llevó la vida de más de un millón de inocentes y dejó la tierra bañada en sangre y reducida a cenizas. En medio del horror y la desesperación en la que se vieron sumidos Hutus y Tutsis -las dos tribus implicadas en el genocidio-, la historia de Immaculée, que permaneció escondida en un baño minúsculo durante 91 días, emerge no sólo como un relato extraordinario de supervivencia, sino como un testimonio superador lleno de fe, de esperanza y de reconciliación.
521 ## - NOTA DE PÚBLICO DESTINATARIO
Nota de audiencia Secundaria
650 #7 - PUNTO DE ACCESO ADICIONAL DE MATERIA – TÉRMINO TEMÁTICO
Enlace autoridades 256
Término de materia o nombre geográfico como elemento de entrada BIOGRAFÍAS
Subdivisión geográfica Ruanda
700 ## - PUNTO DE ACCESO ADICIONAL – NOMBRE DE PERSONA
Apellido, Nombre Miniño, Adriana
Término relacionador: Traducción
Enlace autoridades 422
942 ## - ELEMENTOS AGREGADOS (KOHA)
CDU Clasificación decimal universal
Tipo de ítem Libros
Holdings
Disponible Perdido Fuente de clasificación Estado Ubicación permanente Locación actual Estante o sala Fuente de adquisición Número de inventario Total préstamos Signatura topográfica Código de barras Numero de ejemplar Tipo de item de Koha Calificador de localización códificado
    Clasificación Decimal Dewey   Biblioteca Susana G. De Batemarco Biblioteca Susana G. De Batemarco Literatura Secundaria Compra feria del libro 2025 030416   82-94 ILI 030416 1 Libros  

Powered by Koha